| 000 | 00522nam a22001817a 4500 | ||
|---|---|---|---|
| 999 |
_c3231 _d3231 |
||
| 003 | AR-CdUCM | ||
| 008 | 190306b ||||| |||| 00| 0 spa d | ||
| 040 |
_aMUNICIPALIDAD PROVINCIAL DEL CUSCO _cBIBLIOTECA MUNICIPAL DEL CUSCO |
||
| 082 |
_a839.97 / _bS9 |
||
| 100 |
_aHamsun, Knut _910427 |
||
| 245 | _aSoƱadores / | ||
| 260 |
_aBuenos Aires / _bBiblioteca las grandes obras, |
||
| 300 |
_a159 paginas ; _c17 cm. |
||
| 650 |
_aNovelas Noruegas _910428 |
||
| 650 |
_aSiglo XX _98 |
||
| 942 |
_2ddc _cLIBROS |
||
| 945 | _arjall | ||